000 00590nam a22001937a 4500
003 OSt
005 20260612121341.0
008 260612b |||||||| |||| 00| 0 eng d
020 _a0-8077-4266-X
040 _cChuka University
050 _aLB 2817.3
_b. S2 2002
100 _aHighTower Amy M.
_928939
245 _aSchool districts and instructional renewal
260 _aNew York
_bTeachers College Press
_c2002
300 _a232p.
_bIllustrated
650 _aSchool districts.... United States
_928940
650 _a Educational change ... United States
_928252
942 _2lcc
_cSL
_n0
999 _c24153
_d24153